UBT Library

LANDFORMS LANDSCAPES (Record no. 26830)

000 -LEADER
fixed length control field 00261nam a22001217a 4500
008 - FIXED-LENGTH DATA ELEMENTS--GENERAL INFORMATION
fixed length control field 170908b xxu||||| |||| 00| 0 eng d
041 ## - LANGUAGE CODE
Language code of text/sound track or separate title eng
080 ## - UNIVERSAL DECIMAL CLASSIFICATION NUMBER
Universal Decimal Classification number 91
100 ## - Rafti
Rafti 42
101 ## - Shkurtesa
Shkurtesa GEO
245 ## - TITLE STATEMENT
Title LANDFORMS LANDSCAPES
Statement of responsibility, etc BROWN.W
942 ## - ADDED ENTRY ELEMENTS (KOHA)
Source of classification or shelving scheme
Item type Books
Holdings
Withdrawn status Lost status Source of classification or shelving scheme Damaged status Not for loan Collection code Permanent location Current location Shelving location Date acquired Total Checkouts Full call number Barcode Date last seen Price effective from Koha item type
          Koleksioni i përgjithshem UBT - Lipjan UBT - Lipjan Koleksioni i përgjithshem 09/08/2017   91 BRO 002-2924432 09/08/2017 09/08/2017 Books
UBT Library © 2015-2024. All rights reserved University Education for Business and Technology